| 000 | 00392nam a2200169Ia 4500 | ||
|---|---|---|---|
| 005 | 20250425023633.0 | ||
| 008 | 240331s9999 xx 000 0 und d | ||
| 020 | _a955552050X | ||
| 082 |
_bJAY _a891 |
||
| 100 | _aJayasena,H | ||
| 245 | 0 | _aHunuwataye kathawa | |
| 250 | _a14th | ||
| 260 |
_aColombo _bLakehouse Investment _c1991 |
||
| 300 | _a96 p ., | ||
| 650 | _aStage Drama | ||
| 942 | _cL | ||
| 999 |
_c4809 _d4809 |
||